An account of Corsica : the journal of a tour to that island; and memoirs of Pascal Paoli. By James Boswell, Esq; Illustrated with a new and accurate map of Corsica.

Bibliographic Details
Main Author: Boswell, James, 1740-1795
Format: eBook
Language:English
Series:Eighteenth century collections online.
Online Access:Full text online

MARC

Tag First Indicator Second Indicator Subfields
LEADER 00000cam a2200000 4500
001 in00001858113
006 m | d |
007 cr |n||||||||n
008 790322s1768 stk|||| s 00| ||eng d
005 20260414182215.8
035 |a (CStRLIN)ESTCT26157 
040 |a Uk-ES  |c Uk-ES  |d CStRLIN  |d Thomson Gale  |d UtOrBLW 
100 1 |a Boswell, James,  |d 1740-1795. 
245 1 3 |a An account of Corsica :  |b the journal of a tour to that island; and memoirs of Pascal Paoli. By James Boswell, Esq; Illustrated with a new and accurate map of Corsica. 
264 3 |a Glasgow :  |b printed by Robert and Andrew Foulis for Edward and Charles Dilly, London,  |c 1768. 
300 |a xxi, 3 unnumbered pages, 382p., plate :  |b map ;  |c 8⁰. 
336 |a text  |b txt  |2 rdacontent 
337 |a computer  |b c  |2 rdamedia 
338 |a online resource  |b cr  |2 rdacarrier 
500 |a A number of variants exist: in some copies E2 is a cancel; Z3 is a cancel; the word Mariani on page 357 is spelled correctly or incorrectly (Mariana); the last word of line 11, page 67 is "of" or "Is-"; the last words of line 6, page 93 are "prince of" or "prince fo"; line 18, page 296 are "of my own" or "my own of". Variants may be found in any combination (see Tinker Library Catalogue). 
500 |a With a half-title. 
500 |a Reproduction of original from the British Library. 
510 4 |a Gaskell,  |c 473 
510 3 |a B. Hillyard, Factotum No.18 March 1984 pp.16-18 
510 4 |a English Short Title Catalog,  |c ESTCT26157. 
533 |a Electronic reproduction.  |b Farmington Hills, Mich. :  |c Thomson Gale,  |d 2003.  |n Available via the World Wide Web.  |n Access limited by licensing agreements  |7 s2003 miunns 
500 |a Electronic resource. 
830 0 |a Eighteenth century collections online. 
856 4 0 |u http://proxy.library.tamu.edu/login?url=https://galenet.galegroup.com/servlet/ECCO?c=1&stp=Author&ste=11&af=BN&ae=T026157&tiPG=1&dd=0&dc=flc&docNum=CW100732837&vrsn=1.0&srchtp=a&d4=0.33&n=10&SU=0LRH&locID=txshracd2898  |z Full text online  |t 0 
999 |a MARS 
999 f f |s 6ab7aba8-c00b-3a1e-951b-9cedea173c65  |i a763cf1f-b113-39c8-9730-2560d62fb153  |t 0 
952 f f |a Texas A&M University  |b College Station  |c Electronic Resources  |s www_evans  |d Available Online  |t 0  |h No information provided 
998 f f |t 0  |l Available Online